[Event "Challenge"]
[Site "http://www.queenalice.com/game.php?id=319103"]
[Date "2007.12.12"]
[Round "-"]
[White "GrazianiBR"]
[Black "Teltz"]
[Result "1-0"]
[WhiteElo "2019"]
[BlackElo "1853"]

1. c4 e6 2. Nc3 b6 3. d3 Bb7 4. e4 Nc6 5. f4 Bc5 6. Nf3 Nd4 7. Nxd4 Bxd4 8. Nb5
Bc5 9. d4 Bb4+ 10. Bd2 Bxd2+ 11. Qxd2 Bxe4 12. Nc3 Nf6 13. O-O-O Qe7 14. Bd3 Bb7
15. d5 O-O-O 16. Rhe1 Qf8 17. Ne4 Nxe4 18. Bxe4 exd5 19. Bxd5 c6 20. Bf3 Qc5 21.
Qd4 Qf5 22. h3 c5 23. Bxb7+ Kxb7 24. g4 Qg6 25. Qd5+ Qc6 26. Re7 Qxd5 27. Rxd5
Rhf8 28. Rdxd7+ Rxd7 29. Rxd7+ Kb8 30. h4 g6 31. g5 a5 32. a4 Kc8 33. Re7 1-0

[Event "Challenge"]
[Site "http://www.queenalice.com/game.php?id=347785"]
[Date "2008.2.3"]
[Round "-"]
[White "Teltz"]
[Black "tche_elvio"]
[Result "1-0"]
[WhiteElo "1849"]
[BlackElo "1587"]

1. e4 e5 2. Nf3 Nc6 3. d4 d6 4. dxe5 Nxe5 5. Nxe5 dxe5 6. Qxd8+ Kxd8 7. Be3 Nf6
8. Bd3 Be7 9. Nd2 Bd7 10. Nc4 Ng4 11. h3 Nxe3 12. fxe3 Bh4+ 13. Ke2 Bg3 14. Kf3
Bb5 15. Kxg3 Ke7 16. Nxe5 Bxd3 17. Nxd3 Rhe8 18. Rhe1 h6 19. e5 b6 20. Rad1 c5
21. b3 Red8 22. Rf1 Ke6 23. Kh2 f6 24. exf6 gxf6 25. e4 Rd4 26. Rfe1 a5 27. Nf4+
Ke5 28. Ng6+ Kd6 29. Rxd4+ cxd4 30. e5+ fxe5 31. Nxe5 Kc5 32. a4 Kb4 33. Rc1 b5
34. Nd3+ Kc3 35. axb5 Kd2 36. Kg1 a4 37. bxa4 Rxa4 38. b6 1-0

[Event "Challenge"]
[Site "http://www.queenalice.com/game.php?id=347786"]
[Date "2008.2.3"]
[Round "-"]
[White "tche_elvio"]
[Black "Teltz"]
[Result "1-0"]
[WhiteElo "1527"]
[BlackElo "1879"]

1. e4 e5 2. Bc4 Nf6 3. d3 d5 4. exd5 Nxd5 5. Bxd5 Qxd5 6. Qf3 Qxf3 7. Nxf3 Nc6
8. O-O Bc5 9. Be3 Bxe3 10. fxe3 Bg4 11. Nbd2 O-O 12. c3 Bxf3 13. Nxf3 Rad8 14.
d4 exd4 15. Nxd4 Nxd4 16. exd4 Rfe8 17. Rfe1 Kf8 18. Kf2 Rd7 19. Re3 Rde7 20.
Rae1 Rxe3 21. Rxe3 f5 22. Rxe8+ Kxe8 23. Kf3 Ke7 24. Kf4 g6 25. h4 Kf6 26. b4 h5
27. g3 c6 28. a4 a6 29. c4 b6 30. d5 cxd5 31. cxd5 Ke7 32. Ke5 a5 33. bxa5 bxa5
34. d6+ Kd7 35. Kf6 Kxd6 36. Kxg6 1-0

[Event "Challenge"]
[Site "http://www.queenalice.com/game.php?id=365810"]
[Date "2008.3.5"]
[Round "-"]
[White "Edson"]
[Black "Teltz"]
[Result "0-1"]
[WhiteElo "1925"]
[BlackElo "1939"]

1. e4 c6 2. Nc3 d5 3. exd5 cxd5 4. Bb5+ Nc6 5. Bxc6+ bxc6 6. Nf3 Nf6 7. O-O Ba6
8. d3 e6 9. Bg5 Bd6 10. Nd4 c5 11. Nf3 O-O 12. Qe2 Kh8 13. Rae1 h6 14. Bxf6 Qxf6
15. Qd1 Rfb8 16. Qb1 Rb4 17. a3 Rg4 18. h3 Rg6 19. Kh1 Kg8 20. Qa2 Rb8 21. a4
Rb4 22. Ne2 Rxb2 23. Qa1 Rxc2 24. Qd1 Qb2 25. Nh4 Rf6 26. Nf3 Rxf3 27. gxf3 Rd2
28. Qc1 Rxe2 29. Kg1 Bxd3 30. Rxe2 Qxe2 31. Re1 Qxf3 32. Qe3 Qf5 33. Kg2 Qg6+
34. Qg3 Bxg3 35. fxg3 Be4+ 36. Kh2 Bf3 37. g4 h5 38. Kg3 hxg4 0-1

[Event "batalha"]
[Site "http://www.queenalice.com/game.php?id=368367"]
[Date "2008.3.12"]
[Round "-"]
[White "Teltz"]
[Black "kapivaramor"]
[Result "1-0"]
[WhiteElo "1902"]
[BlackElo "2047"]

1. e4 c5 2. Nf3 e6 3. d4 cxd4 4. Nxd4 Nc6 5. Nc3 Qc7 6. Be2 a6 7. Nxc6 bxc6 8.
Qd4 c5 9. Qd3 Bb7 10. O-O g6 11. Rd1 Rd8 12. Qf3 Bg7 13. Bf4 d6 14. Bg5 Rd7 15.
Bc4 Ne7 16. Bf6 O-O 17. Qf4 Rfd8 18. Bxg7 Kxg7 19. Rd2 Qc6 20. Bb3 Qb6 21. Rad1
Nc8 22. Na4 Qc7 23. c4 Qc6 24. Qh4 Qxe4 25. Qxe4 Bxe4 26. Nxc5 1-0

[Event "Challenge"]
[Site "http://www.queenalice.com/game.php?id=369561"]
[Date "2008.3.12"]
[Round "-"]
[White "Teltz"]
[Black "JoseASeguro"]
[Result "1-0"]
[WhiteElo "1850"]
[BlackElo "1926"]

1. e4 b6 2. d4 e6 3. Bd3 d5 4. Nf3 Bb7 5. exd5 Bxd5 6. Nc3 Bb7 7. O-O Nc6 8. d5
exd5 9. Re1+ Nge7 10. Ng5 g6 11. Qf3 f5 12. Qxd5 Qxd5 13. Nxd5 Kd7 14. Nf6+ Kc8
15. Bc4 Nd8 16. Ngxh7 Nd5 17. Bxd5 Bxd5 18. Nxf8 1-0

[Event "Let's Play Chess!"]
[Site "http://www.queenalice.com/game.php?id=369569"]
[Date "2008.3.12"]
[Round "-"]
[White "Teltz"]
[Black "rhsatrhs"]
[Result "1-0"]
[WhiteElo "1878"]
[BlackElo "1829"]

1. e4 c5 2. Nf3 d6 3. d4 cxd4 4. Nxd4 Nf6 5. Nc3 a6 6. Be2 e6 7. O-O Be7 8. f4
O-O 9. Kh1 Qc7 10. a4 Nbd7 11. Qd3 Nc5 12. Qf3 e5 13. fxe5 dxe5 14. Nf5 Bd8 15.
Ne3 b6 16. Ned5 Nxd5 17. Nxd5 Qd6 18. b4 Nd7 19. Ba3 Qg6 20. a5 b5 21. c4 Re8
22. cxb5 Nb8 23. bxa6 Bxa6 24. b5 Bc8 25. Bb4 Bg4 26. Qxg4 Qxg4 27. Bxg4 Ra7 28.
a6 g6 29. Bc5 Ra8 30. a7 1-0

[Event "Let's Play Chess!"]
[Site "http://www.queenalice.com/game.php?id=369571"]
[Date "2008.3.13"]
[Round "-"]
[White "Teltz"]
[Black "luccalucas"]
[Result "1-0"]
[WhiteElo "1855"]
[BlackElo "2018"]

1. e4 e5 2. Nf3 Nc6 3. Bc4 Nf6 4. d3 Bc5 5. Nc3 O-O 6. O-O d6 7. Na4 Bb6 8. Nxb6
axb6 9. Bd2 Bg4 10. c3 Na5 11. Bb5 c6 12. Ba4 b5 13. Bc2 c5 14. h3 Bxf3 15. Qxf3
Nc6 16. Bb3 Na5 17. Bc2 Qb6 18. Bg5 Nd7 19. Qg4 f6 20. Bh6 Rf7 21. a3 c4 22.
dxc4 bxc4 23. Rab1 Nc5 24. Rfd1 Nc6 25. Rxd6 Kh8 26. Be3 Rd8 27. Qd1 Qa5 28.
Bxc5 1-0

[Event "Let's Play Chess!"]
[Site "http://www.queenalice.com/game.php?id=369572"]
[Date "2008.3.15"]
[Round "-"]
[White "Teltz"]
[Black "Gambitshark"]
[Result "0-1"]
[WhiteElo "1876"]
[BlackElo "2539"]

1. e4 c5 2. Nf3 d6 3. d4 cxd4 4. Nxd4 Nf6 5. Nc3 Nc6 6. Bg5 e6 7. Qd2 Be7 8.
O-O-O O-O 9. f4 e5 10. Ndb5 h6 11. Bxf6 Bxf6 12. g3 Bg4 13. Be2 Bxe2 14. Nxe2
Qb6 15. Nec3 Rfd8 16. a4 Nb4 17. Nxd6 exf4 18. Qxf4 Na2+ 19. Nxa2 Qxb2+ 20. Kd2
Bg5 21. Qxg5 hxg5 22. Ke3 Qxa2 23. Nxb7 Rxd1 24. Rxd1 Qxc2 25. Rd7 Qxa4 26. Nc5
Qc6 27. Rd5 a5 28. Rxg5 a4 29. h4 a3 0-1

[Event "░ ░ ░ ░"]
[Site "http://www.queenalice.com/game.php?id=369573"]
[Date "2008.3.12"]
[Round "-"]
[White "Railton"]
[Black "Teltz"]
[Result "0-1"]
[WhiteElo "1722"]
[BlackElo "1869"]

1. Nf3 Nf6 2. g3 d5 3. d4 Bg4 4. Bg2 Nc6 5. a3 e6 6. b4 Bd6 7. c3 O-O 8. Be3 Bh5
9. Ng1 a5 10. Nd2 Ng4 11. Bf3 axb4 12. axb4 Rxa1 13. Qxa1 Qa8 14. Qb1 Bg6 15.
Qc1 Nxe3 16. fxe3 Qa2 17. Nh3 e5 18. Bxd5 Qxd5 19. Rg1 exd4 20. exd4 Qh5 21. Nf4
Bxf4 22. Qd1 Qxh2 23. Kf1 Be3 24. Nf3 Qf2# 0-1

[Event "Challenge"]
[Site "http://www.queenalice.com/game.php?id=369622"]
[Date "2008.3.12"]
[Round "-"]
[White "Teltz"]
[Black "Peninha"]
[Result "1-0"]
[WhiteElo "1924"]
[BlackElo "1686"]

1. e4 e5 2. Nf3 Nc6 3. Bb5 Nf6 4. O-O Nxe4 5. d4 f6 6. dxe5 fxe5 7. Nxe5 Nxe5 8.
Re1 c6 9. Qh5+ Nf7 10. Rxe4+ Be7 11. Bg5 O-O 12. Bxe7 Qe8 13. Rh4 h6 14. Bxf8
cxb5 15. Bb4 a5 16. Bd2 b4 17. Rf4 d6 18. a3 Bd7 19. axb4 a4 20. Qg6 b5 21. Bc3
Kf8 22. Bxg7+ Ke7 23. Qf6# 1-0

[Event "Let's Play Chess!"]
[Site "http://www.queenalice.com/game.php?id=369624"]
[Date "2008.3.12"]
[Round "-"]
[White "Teltz"]
[Black "Donidon"]
[Result "0-1"]
[WhiteElo "1892"]
[BlackElo "1882"]

1. e4 c5 2. Nf3 Nc6 3. d4 cxd4 4. Nxd4 Nf6 5. Nc3 e5 6. Ndb5 d6 7. Bg5 a6 8. Na3
b5 9. Bxf6 gxf6 10. Nd5 f5 11. c3 Bg7 12. exf5 Bxf5 13. Nc2 Be6 14. g3 O-O 15.
Bg2 a5 16. O-O f5 17. Qe2 Rb8 18. Rad1 Kh8 19. Na3 Na7 20. Qh5 b4 21. cxb4 axb4
22. Nc4 Nc6 23. a4 bxa3 24. bxa3 Bf7 25. Qh3 Nd4 26. Rb1 Ne2+ 27. Kh1 Rxb1 28.
Rxb1 Bxd5 29. Bxd5 Nc3 30. Rb3 Nxd5 31. Qg2 e4 32. Qf1 f4 33. Qd1 Nc3 34. Qxd6
Qxd6 35. Nxd6 e3 36. fxe3 fxe3 37. Rb2 e2 38. Rxe2 Nxe2 39. Kg2 Ra8 40. Kf3 Nd4+
41. Ke4 Rxa3 42. Ne8 Ne6 43. Kd5 Re3 44. h4 Nf4+ 45. gxf4 Rxe8 46. h5 Bh6 47. f5
Kg7 48. Kc5 Kf6 49. Kd5 Kxf5 50. Kd6 Bf4+ 51. Kd7 Re6 52. Kd8 Kf6 53. h6 Rc6 54.
Kd7 Rc7+ 55. Ke8 Ke6 56. Kf8 Bxh6+ 0-1

[Event "Let's Play Chess!"]
[Site "http://www.queenalice.com/game.php?id=369625"]
[Date "2008.3.12"]
[Round "-"]
[White "Teltz"]
[Black "SRIVERO"]
[Result "1-0"]
[WhiteElo "1841"]
[BlackElo "1673"]

1. e4 c5 2. Nf3 Nc6 3. d4 cxd4 4. Nxd4 d6 5. Nc3 Nf6 6. Bg5 e5 7. Bxf6 Qxf6 8.
Nd5 Qh4 9. Nxc6 Qxe4+ 10. Be2 bxc6 11. Nc7+ Kd7 12. Nxa8 Bb7 13. O-O Bxa8 14.
Bf3 Qb4 15. c3 Qb5 16. Bg4+ Kc7 17. Qf3 f6 18. Qf5 Qb8 19. Qd7+ Kb6 20. a4 a5
21. b4 Qc7 22. bxa5+ Kb7 23. Rab1+ 1-0

[Event "370"]
[Site "http://www.queenalice.com/game.php?id=371058"]
[Date "2008.3.14"]
[Round "-"]
[White "Teltz"]
[Black "phystutordotcom"]
[Result "1-0"]
[WhiteElo "1874"]
[BlackElo "1952"]

1. e4 g6 2. d4 Bg7 3. Nf3 d6 4. Nc3 Nd7 5. Be3 e5 6. Bc4 Ngf6 7. dxe5 dxe5 8.
Qd2 O-O 9. O-O Qe7 10. a3 Nc5 11. Nd5 Nxd5 12. Qxd5 Nd7 13. Qa5 b6 14. Qd5 Rb8
15. Rfd1 Nf6 16. Qxe5 Qxe5 17. Nxe5 Nxe4 18. Nc6 Nd6 19. Rxd6 cxd6 20. Nxb8 Bb7
21. Na6 Bxb2 22. Ra2 Bg7 23. Nb4 1-0

[Event "Challenge"]
[Site "http://www.queenalice.com/game.php?id=371117"]
[Date "2008.3.14"]
[Round "-"]
[White "Teltz"]
[Black "Danilo_Machado_Pires"]
[Result "1/2-1/2"]
[WhiteElo "1957"]
[BlackElo "1970"]

1. e4 e5 2. Nf3 Nc6 3. Bc4 Nf6 4. d3 Bc5 5. c3 O-O 6. O-O h6 7. b4 Bb6 8. b5 Ne7
9. Nxe5 d5 10. exd5 Nexd5 11. Qf3 Be6 12. d4 c6 13. bxc6 bxc6 14. Nxc6 Qc7 15.
Ne5 Rac8 16. Nd2 Rfd8 17. Bb2 Ba5 18. Rfe1 Rb8 19. Nb3 Bb6 20. Rab1 Nh7 21. Bb5
Ng5 22. Qd3 Ne7 23. Qe2 f6 24. Nf3 Nxf3+ 25. Qxf3 Bd5 26. Qd3 Bf7 27. Rbd1 Nd5
28. g3 Qc8 29. Rd2 Bc7 30. Bc4 Bd6 31. Rc2 Qg4 32. Rce2 Rdc8 33. Re4 Qg6 34. Ba1
f5 35. Rh4 Re8 36. Rxe8+ Rxe8 37. Kf1 Be7 38. Bb5 Rc8 39. Bd7 Rf8 40. Bxf5 Ne3+
41. fxe3 Be6 42. e4 Bxf5 43. exf5 Bxh4 44. Kg1 Rxf5 45. d5 Rf6 46. Qxg6 Rxg6 47.
c4 Bd8 48. c5 Ra6 49. d6 Rxa2 50. c6 Rc2 51. c7 Bxc7 52. dxc7 Rxc7 53. Bd4 Rd7
54. Bf2 Kf7 55. Kf1 Rb7 56. Na5 Rb5 57. Nc4 Ke7 58. Bxa7 Ke6 59. Ke2 Rb4 60. Nd2
Ra4 61. Be3 h5 62. h3 g6 63. Kf3 Kf5 64. h4 Ra1 65. Bc5 Rc1 66. Bd4 g5 67. hxg5
Kxg5 68. Ke4 Kg4 69. Bf2 Rc8 70. Nf3 Rc4+ 71. Nd4 Ra4 72. Ke3 Ra3+ 73. Kd2 Rxg3
74. Bxg3 Kxg3 75. Ke3 Kg2 76. Ne6 h4 77. Nf4+ Kg3 78. Nh5+ Kg4 79. Nf6+ Kg3 80.
Nh5+ Kg2 81. Nf4+ Kg3 82. Nh5+ Kg4 1/2-1/2

[Event "Challenge"]
[Site "http://www.queenalice.com/game.php?id=372436"]
[Date "2008.3.17"]
[Round "-"]
[White "Teltz"]
[Black "Ponce"]
[Result "1-0"]
[WhiteElo "1954"]
[BlackElo "1621"]

1. e4 e5 2. Nf3 d6 3. d4 Bg4 4. dxe5 Bxf3 5. Qxf3 dxe5 6. Qb3 b6 7. Bc4 Qf6 8.
O-O Bc5 9. Qg3 h6 10. a3 Ne7 11. b4 Bd6 12. Rd1 Nbc6 13. Bb2 O-O 14. c3 a6 15.
a4 Ng6 16. Nd2 Nce7 17. Qf3 Nf4 18. g3 Nh3+ 19. Kg2 Qxf3+ 20. Nxf3 Ng5 21. Nxg5
hxg5 22. Bc1 b5 23. axb5 axb5 24. Rxa8 Rxa8 25. Bxb5 f6 26. Bc4+ Kf8 27. Kf3 Rd8
28. h3 Nc6 29. Be3 Bxb4 30. Rxd8+ Nxd8 31. cxb4 Nc6 32. Bc5+ Ke8 33. Bb5 Kd7 34.
g4 g6 35. Ke3 f5 36. exf5 1-0

[Event "Challenge (White)..."]
[Site "http://www.queenalice.com/game.php?id=383351"]
[Date "2008.4.7"]
[Round "-"]
[White "tche_elvio"]
[Black "Teltz"]
[Result "0-1"]
[WhiteElo "1650"]
[BlackElo "1930"]

1. c4 e5 2. Nc3 Nc6 3. e3 Nf6 4. Nf3 Bb4 5. d4 exd4 6. Nxd4 O-O 7. Nxc6 dxc6 8.
Qxd8 Rxd8 9. Bd2 Bf5 10. Be2 Rxd2 11. Kxd2 Ne4+ 12. Kc2 Nxc3+ 13. Kd2 Nxa2+ 14.
Kd1 Rd8+ 15. Bd3 Bxd3 16. b3 Bf1+ 17. Kc2 Rd2+ 18. Kb1 Bd3# 0-1

[Event "Challenge (Black)..."]
[Site "http://www.queenalice.com/game.php?id=383353"]
[Date "2008.4.7"]
[Round "-"]
[White "Teltz"]
[Black "tche_elvio"]
[Result "1-0"]
[WhiteElo "1935"]
[BlackElo "1623"]

1. e4 e5 2. Nf3 d6 3. d4 Be7 4. dxe5 dxe5 5. Qxd8+ Bxd8 6. Nxe5 Bd7 7. Bc4 Be6
8. Bxe6 fxe6 9. O-O Nd7 10. Nxd7 Kxd7 11. Nc3 Nf6 12. Bf4 Kc6 13. Rad1 Be7 14.
e5 Nh5 15. Be3 Rad8 16. g4 Rxd1 17. Rxd1 Rd8 18. Rxd8 Bxd8 19. gxh5 a6 20. Kg2
b5 21. h6 g6 22. Ne4 Kd5 23. Nf6+ Bxf6 24. exf6 1-0

[Event "Challenge"]
[Site "http://www.queenalice.com/game.php?id=389537"]
[Date "2008.4.18"]
[Round "-"]
[White "li2carpio"]
[Black "Teltz"]
[Result "0-1"]
[WhiteElo "1242"]
[BlackElo "1964"]

1. e4 e5 2. Nf3 Nf6 3. Nxe5 d6 4. Nf3 Nxe4 5. d3 Nf6 6. h3 Be7 7. Nc3 O-O 8. Be2
Re8 9. Bg5 c5 10. Qd2 Nc6 11. a3 Qb6 12. O-O-O h6 13. Bf4 d5 14. g4 d4 15. Na2
Be6 0-1

[Event "Desafio 18/04 - brancas..."]
[Site "http://www.queenalice.com/game.php?id=389843"]
[Date "2008.4.18"]
[Round "-"]
[White "tche_elvio"]
[Black "Teltz"]
[Result "0-1"]
[WhiteElo "1627"]
[BlackElo "1958"]

1. e4 e5 2. f4 exf4 3. Nf3 d5 4. Qe2 Be7 5. Nc3 Nf6 6. d4 O-O 7. Bxf4 Bb4 8. Bd2
Bxc3 9. Bxc3 dxe4 10. Nd2 Nc6 11. O-O-O Bg4 12. Nf3 Qd5 13. h3 exf3 14. Qc4 Qxc4
15. Bxc4 fxg2 16. hxg4 gxh1=Q 17. Rxh1 Nxg4 18. Bd3 g6 19. b3 Nf2 20. Rf1 Nxd3+
21. Kd2 Rad8 22. Kxd3 Ne5+ 23. Ke2 Ng4 24. Kd3 c5 25. Kc4 Ne3+ 0-1

[Event "Desafio 18/04 - pretas"]
[Site "http://www.queenalice.com/game.php?id=389844"]
[Date "2008.4.18"]
[Round "-"]
[White "Teltz"]
[Black "tche_elvio"]
[Result "1-0"]
[WhiteElo "1961"]
[BlackElo "1624"]

1. e4 e5 2. Nf3 d6 3. d4 Bg4 4. dxe5 Bxf3 5. Qxf3 dxe5 6. Qb3 b6 7. Bd3 h6 8.
Nc3 c6 9. O-O Be7 10. Bc4 Qc7 11. Bxf7+ Kd8 12. Bxg8 Nd7 13. Qf7 Qd6 14. Rd1 Qf6
15. Qe6 Qxe6 16. Bxe6 Kc7 17. Rxd7+ Kb8 18. Rxe7 Rd8 19. Rxg7 Rh8 20. Rg8+ Rxg8
21. Bxg8 Kc7 22. Bh7 a5 23. Bf5 Kd6 24. Bxh6 b5 25. Rd1+ Kc5 26. g4 Kc4 27. h4
1-0

[Event "Vamos nessa 2... "]
[Site "http://www.queenalice.com/game.php?id=400718"]
[Date "2008.5.9"]
[Round "-"]
[White "tche_elvio"]
[Black "Teltz"]
[Result "0-1"]
[WhiteElo "1549"]
[BlackElo "1966"]

1. e4 e5 2. f4 exf4 3. Nf3 d6 4. d3 Bg4 5. Be2 Bxf3 6. Bxf3 g5 7. g4 Nc6 8. Bd2
Qe7 9. a3 Bg7 10. Bc3 f6 11. Nd2 Nh6 12. Qe2 Nf7 13. b4 h6 14. b5 Nce5 15. O-O
Nd7 16. e5 fxe5 17. Bxb7 Rb8 18. Bc6 Kf8 19. Nb3 Nb6 20. a4 Nd8 21. Na5 d5 22.
d4 exd4 23. Qxe7+ Kxe7 24. Bb4+ Kf6 25. c3 Kg6 26. Rad1 Nxc6 27. Nxc6 Ra8 28.
Ne7+ Kf7 29. Nf5 Bf6 30. Nxd4 Nxa4 31. Rf2 a5 32. Kg2 axb4 33. cxb4 Be5 34. Ra2
Nc3 35. Rxa8 Nxd1 36. Nc6 Ne3+ 37. Kf3 Rxa8 38. Nxe5+ Ke6 39. Nd3 Rb8 40. Nc5+
Kd6 41. Nd3 Rxb5 42. Nxf4 gxf4 43. Kxf4 d4 44. h4 Ng2+ 0-1

[Event "Vamos nessa..."]
[Site "http://www.queenalice.com/game.php?id=400719"]
[Date "2008.5.9"]
[Round "-"]
[White "Teltz"]
[Black "tche_elvio"]
[Result "0-1"]
[WhiteElo "1968"]
[BlackElo "1547"]

1. e4 e5 2. Nf3 d6 3. d4 Bg4 4. dxe5 Bxf3 5. Qxf3 dxe5 6. Bc4 Qf6 7. Nd2 Qxf3 8.
Nxf3 f6 9. Bxg8 Rxg8 10. Be3 Nd7 11. O-O Bc5 12. Bxc5 Nxc5 13. Rfe1 O-O-O 14. b3
g5 15. g4 Ne6 16. Rad1 Nf4 17. Kf1 h5 18. gxh5 Nxh5 19. Nd2 Rh8 20. f3 Nf4 21.
Kg1 Nh3+ 22. Kg2 Nf4+ 23. Kg3 Rh3+ 24. Kg4 Rxh2 25. Nf1 Rg2+ 26. Kf5 Rxd1 27.
Rxd1 Rxc2 28. Kxf6 Rxa2 29. Ke7 Ng6+ 30. Kf6 Ra6+ 31. Kxg5 Nf4 32. Kf5 Ra5 33.
Ne3 b6 34. Nc4 Rb5 35. Rb1 Ne2 36. Kg4 Kd7 37. b4 a5 38. Na3 Rxb4 39. Rxb4 axb4
40. Nc4 Ke6 41. Nb2 b5 42. Kh3 Nf4+ 43. Kg3 c5 44. Kf2 c4 45. Ke1 Nd3+ 46. Nxd3
cxd3 47. Kd2 b3 48. Kxd3 Kd6 49. Kc3 Kc5 50. Kxb3 b4 51. Kb2 Kd4 52. Kb3 Ke3 53.
Kxb4 Kxf3 54. Kc3 Kxe4 55. Kd2 Kf3 56. Ke1 e4 57. Kf1 e3 58. Ke1 e2 59. Kd2 Kf2
0-1